Design/Nábytek/Interiéry /

Gespeichert in:
Bibliographische Detailangaben
Weitere Verfasser: Zikmund-Lender, Ladislav (Herausgegeben von)
Format: Buch
Sprache:Tschechisch
Veröffentlicht: Hradec Králové : Zikmund, 2014
Ausgabe:1. vydanie
Schlagworte:
Tags: Tag hinzufügen
Keine Tags, Fügen Sie das erste Tag hinzu!

MARC

LEADER 00000nam a22000003a 4500
001 0022191
003 SK-STU
005 20170216140519.4
007 ta
008 170216s ----xo-----e------000-0-----d
020 |a 978-80-905271-4-0 
040 |a STU  |b slo 
041 0 |a cze 
044 |a xr 
245 1 0 |a Design/Nábytek/Interiéry /  |c ed. Ladislav Zikmund-Lender 
250 |a 1. vydanie 
260 |a Hradec Králové :  |b Zikmund,  |c 2014 
300 |a 220 s. 
650 0 7 |a 19. storočie 
650 0 7 |a 20. storočie 
650 0 7 |a nábytkový a interiérový dizajn 
650 0 7 |a interior design 
700 1 |a Zikmund-Lender, Ladislav  |4 edt 
996 |b 284AU06903  |c A* 10031/U  |l AAKNST  |s P  |a 0  |w 0022191_0001 
996 |b 284AU06965  |c A* 10099/U  |l AAKNAR  |s A  |a 24  |w 0022191_0002